| 000 -LEADER |
| fixed length control field |
01277nam a22003378i 4500 |
| 001 - CONTROL NUMBER |
| control field |
on1031551009 |
| 003 - CONTROL NUMBER IDENTIFIER |
| control field |
OCoLC |
| 005 - DATE AND TIME OF LATEST TRANSACTION |
| control field |
20241223094200.0 |
| 007 - PHYSICAL DESCRIPTION FIXED FIELD--GENERAL INFORMATION |
| fixed length control field |
ta |
| 008 - FIXED-LENGTH DATA ELEMENTS--GENERAL INFORMATION |
| fixed length control field |
190322s2019 nyu e 000 1 eng d |
| 020 ## - INTERNATIONAL STANDARD BOOK NUMBER |
| International Standard Book Number |
9781787470477 |
| 040 ## - CATALOGING SOURCE |
| Original cataloging agency |
DLC |
| Language of cataloging |
eng |
| Description conventions |
rda |
| Transcribing agency |
DLC |
| Modifying agency |
MLSOD |
| -- |
JSE |
| -- |
MLY |
| -- |
QQ3 |
| -- |
OCLCO |
| -- |
DAD |
| -- |
JQW |
| -- |
HQB |
| -- |
MWD |
| -- |
JNE |
| -- |
SSH |
| -- |
UAP |
| -- |
YDX |
| -- |
DCH |
| -- |
OCJ |
| -- |
IGA |
| -- |
OCLCO |
| -- |
HQD |
| -- |
CaOL |
| -- |
KH8 |
| 082 ## - DEWEY DECIMAL CLASSIFICATION NUMBER |
| Classification number |
FIC CHO |
| 100 1# - MAIN ENTRY--PERSONAL NAME |
| Personal name |
Choo, Yangsze. |
| Relator term |
author. |
| 245 14 - TITLE STATEMENT |
| Title |
The night tiger / |
| Statement of responsibility, etc. |
Yangsze Choo. |
| 264 #1 - PRODUCTION, PUBLICATION, DISTRIBUTION, MANUFACTURE, AND COPYRIGHT NOTICE |
| Place of production, publication, distribution, manufacture |
New York : |
| Name of producer, publisher, distributor, manufacturer |
Flatiron Books, |
| Date of production, publication, distribution, manufacture, or copyright notice |
2019. |
| 300 ## - PHYSICAL DESCRIPTION |
| Extent |
372 pages ; |
| Dimensions |
25 cm. |
| 336 ## - CONTENT TYPE |
| Content type term |
text |
| Content type code |
txt |
| Source |
rdacontent. |
| 337 ## - MEDIA TYPE |
| Media type term |
unmediated |
| Media type code |
n |
| Source |
rdamedia. |
| 338 ## - CARRIER TYPE |
| Carrier type term |
volume |
| Carrier type code |
nc |
| Source |
rdacarrier. |
| 490 1# - SERIES STATEMENT |
| Series statement |
Reese's book club. |
| 520 ## - SUMMARY, ETC. |
| Summary, etc. |
A vivacious dance-hall girl in 1930s colonial Malaysia is drawn into unexpected danger by the discovery of a severed finger that is being sought by a young houseboy in order to protect his late master's soul. |
| 650 #0 - SUBJECT ADDED ENTRY--TOPICAL TERM |
| Topical term or geographic name entry element |
Women dressmakers |
| Form subdivision |
Fiction. |
| 650 #0 - SUBJECT ADDED ENTRY--TOPICAL TERM |
| Topical term or geographic name entry element |
Household employees |
| Form subdivision |
Fiction. |
| 650 #0 - SUBJECT ADDED ENTRY--TOPICAL TERM |
| Topical term or geographic name entry element |
Superstition |
| Form subdivision |
Fiction. |
| 650 #7 - SUBJECT ADDED ENTRY--TOPICAL TERM |
| Topical term or geographic name entry element |
Fantasy fiction. |
| Source of heading or term |
genre. |
| 650 #7 - SUBJECT ADDED ENTRY--TOPICAL TERM |
| Topical term or geographic name entry element |
Historical fiction. |
| Source of heading or term |
genre. |
| 651 #0 - SUBJECT ADDED ENTRY--GEOGRAPHIC NAME |
| Geographic name |
Malaysia |
| General subdivision |
History |
| Chronological subdivision |
20th century |
| Form subdivision |
Fiction. |
| 830 #0 - SERIES ADDED ENTRY--UNIFORM TITLE |
| Uniform title |
Reese's book club. |
| 942 ## - ADDED ENTRY ELEMENTS (KOHA) |
| Source of classification or shelving scheme |
|
| Koha item type |
Class Set Novel |